Testosterone (Record no. 4783)

MARC details
000 -CABECERA
campo de control de longitud fija 02868cam a22002418i 4500
001 - NÚMERO DE CONTROL
campo de control 99116439040004341
005 - FECHA Y HORA DE LA ÚLTIMA TRANSACCIÓN
campo de control 20250619150448.0
008 - DATOS DE LONGITUD FIJA--INFORMACIÓN GENERAL
campo de control de longitud fija 200806s2021 enk b 001|0 eng d
015 ## - NÚMERO DE BIBLIOGRAFÍA NACIONAL
Número de bibliografía nacional GBC108150
Fuente bnb
016 7# - NÚMERO DE CONTROL DE UNA AGENCIA BIBLIOGRÁFICA NACIONAL
Número de control del registro 020084041
Fuente Uk
020 ## - NÚMERO INTERNACIONAL ESTÁNDAR DEL LIBRO
Número Internacional Estándar del Libro 9788418741333
035 ## - NÚMERO DE CONTROL DEL SISTEMA
Número de control de sistema (Uk)020084041
040 ## - FUENTE DE LA CATALOGACIÓN
Centro catalogador/agencia de origen StDuBDS
Lengua de catalogación eng
Centro/agencia transcriptor StDuBDS
Normas de descripción rda
100 ## - ENTRADA PRINCIPAL--NOMBRE DE PERSONA
Nombre de persona Hooven, Carole,
Término indicativo de función/relación author.
9 (RLIN) 25548
245 10 - MENCIÓN DE TÍTULO
Título Testosterone
Resto del título : the story of the hormone that dominates and divides us
Mención de responsabilidad, etc. / Carole Hooven.
264 #1 - PRODUCCIÓN, PUBLICACIÓN, DISTRIBUCIÓN, FABRICACIÓN Y COPYRIGHT
Producción, publicación, distribución, fabricación y copyright Barcelona:
Nombre del de productor, editor, distribuidor, fabricante Arpa,
Fecha de producción, publicación, distribución, fabricación o copyright 2021.
300 ## - DESCRIPCIÓN FÍSICA
Extensión 351 pages :
Dimensiones 24 cm
504 ## - NOTA DE BIBLIOGRAFÍA, ETC.
Nota de bibliografía, etc. Includes bibliographic references and index.
520 ## - SUMARIO, ETC.
Sumario, etc. Una historia sobre la hormona que nos domina, nos divide y nos impulsa.<br/>El origen biológico de la masculinidad ha inspirado fascinación y controversia desde la antigüedad. Desde los eunucos de la antigua China, hasta el mercado de los «elixires» de juventud en la Europa del siglo xix, el ser humano ha estado obsesionado con identificar y manipular lo que hoy conocemos como testosterona. Gracias al interés que sigue generando y a los métodos de la ciencia moderna, hoy disponemos de un rico corpus de investigación sobre sus efectos tanto en hombres como en mujeres. La ciencia es clara: la testosterona desempeña un papel clave en las relaciones, el sexo, la infancia, los roles parentales, el trabajo, el deporte, las transiciones de género, la violencia…<br/>A través de fascinantes historias personales y con un profundo conocimiento de los más recientes avances científicos en este terreno, Carole Hooven, bióloga evolutiva en la Universidad de Harvard, analiza con ingenio y rigor la poderosa influencia de esta hormona en las diferencias de sexo y el comportamiento humano, y nos invita a reflexionar sobre sus consecuencias.
520 ## - SUMARIO, ETC.
Sumario, etc. A story about the hormone that dominates, divides, and drives us.<br/><br/>The biological origins of masculinity have fascinated and provoked controversy since ancient times. From the eunuchs of ancient China to the booming market for youth "elixirs" in 19th-century Europe, humans have long been obsessed with identifying and manipulating what we now know as testosterone. Thanks to ongoing interest and the tools of modern science, we now possess a rich body of research into its effects on both men and women. The science is clear: testosterone plays a crucial role in relationships, sex, childhood, parenting, work, sport, gender transitions, violence...<br/><br/>Through compelling personal stories and a deep understanding of the latest scientific advances in the field, Carole Hooven, an evolutionary biologist at Harvard University, explores with wit and rigour the powerful influence of this hormone on sex differences and human behaviour — and invites us to reflect on its far-reaching consequences.
650 #0 - PUNTO DE ACCESO ADICIONAL DE MATERIA--TÉRMINO DE MATERIA
Término de materia o nombre geográfico como elemento de entrada Testosterone
Subdivisión de forma Popular works.
942 ## - ELEMENTOS DE ENTRADA AGREGADA (KOHA)
Fuente del sistema de clasificación o colocación Clasificación de Library of Congress
Holdings
Estado de retiro Estado de pérdida Fuente del sistema de clasificación o colocación Estado dañado No para préstamo Biblioteca de origen Biblioteca actual Fecha de adquisición Total de préstamos Signatura topográfica completa Código de barras Fecha visto por última vez Número de copia Precio válido a partir de Tipo de ítem Koha Nota pública
    Clasificación de Library of Congress     TBS Barcelona TBS Barcelona 19/06/2025   QP801.T4 HOO B06009 19/06/2025 1 19/06/2025 Book WELL COLLECTION

Powered by Koha